000 00731nam a22001937a 4500
003 BD-DhSAU
005 20220727121852.0
008 220605b2018 bg ad||| |||| 001 0 ben d
020 _a9789846032604
040 _aBD-DhSAU
082 _222
_a636.213
_bIs43
100 _aইসলাম, মোঃ রফিকুল
245 _aস্বাস্হ্য সম্মত উপায়ে গরু মোটাতাজাকরনের কৌশল /
_cমোঃ রফিকুল ইসলাম
260 _aঢাকা ঃ
_bপলল প্রকাশ্নী,
_c২০১৮
300 _a200 p.
_bill. ;
_c20 cm
590 _aRoy
650 _aগরু মোটাতাজাকরন
942 _2ddc
_cBOOK
999 _c15901
_d15900